How well do you know BTS? Quiz Stats

 Plays Quiz not verified by Sporcle

Score 0/30 Timer 04:00
35 Plays Today
Question Answer Wrong Answers
Who is the maknae? ???
24.2%
???
0.1%
???
0.1%
???
0.1%
Who is the mother and father? ???
23.7%
???
0.4%
???
0.2%
???
0.1%
Who said Jimin you got no jam ???
23.3%
???
0.2%
???
0.2%
???
0.2%
Throwback: who was afraid of snake when BTS did a photoshoot? But brave enough to overcome it ???
23.2%
???
0.2%
???
0.2%
???
0.2%
Who said that he'll be sexy pornstar if he weren't in BTS (saxophonist) ???
22.9%
???
0.3%
???
0.2%
???
0.4%
Who sang Lie ???
22.7%
???
0.3%
???
0.2%
???
0.2%
Is it true that Jungkook want to learn English ? ???
22.7%
???
0.4%
???
0.4%
???
0.4%
Throwback: who says 'excuse me' which him saying it makes the army ovaries explode? (Maybe it just me) ???
22.5%
???
0.7%
???
0.2%
???
0.4%
Who sang Mama ???
22.5%
???
0.3%
???
0.3%
???
0.3%
What is Suga and J-Hope ship name ???
22%
???
0.9%
???
0.3%
???
0.2%
Who sang Awake ???
21.8%
???
0.3%
???
0.6%
???
0.3%
Who sang Stigma ???
21.5%
???
1%
???
0.4%
???
0.4%
Name them to oppa to dongsang ???
21.3%
???
1.3%
???
0.8%
???
0.3%
Who sang Begin ???
21%
???
1%
???
0.5%
???
0.8%
Throwback: ASC bts who said sit down but how he pronounced it is '**** down' ???
20.7%
???
0.7%
???
1%
???
0.6%
Throwback: who dress up as Sailor Moon ???
20.3%
???
1.2%
???
0.9%
???
0.6%
Who sang Reflection ???
20.2%
???
0.9%
???
0.6%
???
0.9%
Who is the grandfather? ???
20%
???
3%
???
0.4%
???
0.6%
Who sang First Love ???
19.8%
???
0.8%
???
1.2%
???
0.9%
Who is the most pervert from BTS ???
18.6%
???
0.8%
???
1.9%
???
1.4%
Who imitated Jimin on his dance from Blood Sweat & Tears behind the scene? ???
18.6%
???
3.2%
???
0.5%
???
0.8%
What song did Jungkook and Namjoon English cover? ???
17.8%
???
1.7%
???
1.7%
???
1.4%
Throwback: who took Kookie brief? ???
17.8%
???
1.8%
???
1.4%
???
1.3%
In one of the V app broadcast Jimin was coloring their mini coloring book. Did Jimin finish his coloring? ???
16.9%
???
2%
???
1.2%
???
1.7%
Who had an appendicitis ? ???
16.7%
???
1.6%
???
1.8%
???
1.4%
What is Jimin fave color ???
16.2%
???
1.5%
???
2.1%
???
2.2%
What songs did Jungkook cover? ???
16.1%
???
4.3%
???
2.4%
???
0.3%
What song did Jimin and Jungkook cover? ???
14.8%
???
2.9%
???
3%
???
1.6%
In the V app live 'Eat Jin + ChimChim + Kook' what did Jungkook recently learn in English vocab ???
12.7%
???
5.2%
???
1.8%
???
2.3%
Who is bad at English ???
11.9%
???
4%
???
4.2%
???
2.9%

You're not logged in!

Compare scores with friends on all Sporcle quizzes.
OR
Log In

You Might Also Like...

Show Comments

Extras

Top Quizzes Today


Score Distribution

Your Account Isn't Verified!

In order to create a playlist on Sporcle, you need to verify the email address you used during registration. Go to your Sporcle Settings to finish the process.

Report this User

Report this user for behavior that violates our Community Guidelines.

Details: